La acción pública de constitucionalidad a debate / (Registro nro. 3663)

Detalles MARC
000 -LEADER
fixed length control field 01556nam a2200301Ia 4500
003 - CONTROL NUMBER IDENTIFIER
control field OSt
005 - DATE AND TIME OF LATEST TRANSACTION
control field 20200729165834.0
008 - FIXED-LENGTH DATA ELEMENTS--GENERAL INFORMATION
fixed length control field 191128s2015 ck fr 000 0 spa d
020 ## - INTERNATIONAL STANDARD BOOK NUMBER
International Standard Book Number 9789587724301
040 ## - CATALOGING SOURCE
Original cataloging agency CO-JMCR
Transcribing agency CO-JMCR
041 0# - LANGUAGE CODE
Language code of text/sound track or separate title spa
082 04 - DEWEY DECIMAL CLASSIFICATION NUMBER
Classification number 342.02 /
Item number R628a
Edition number 23
100 1# - MAIN ENTRY--PERSONAL NAME
Personal name Roa Roa, Jorge Ernesto,
Relator term autor
9 (RLIN) 8133
245 13 - TITLE STATEMENT
Title La acción pública de constitucionalidad a debate /
Statement of responsibility, etc. Jorge Ernesto Roa Roa
250 ## - EDITION STATEMENT
Edition statement Primera edición
260 ## - PUBLICATION, DISTRIBUTION, ETC.
Place of publication, distribution, etc. Bogotá :
Name of publisher, distributor, etc. Universidad Externado de Colombia : Instituto de Estudios Constitucionales Carlos Restrepo Piedrahita,
Date of publication, distribution, etc. 2015
300 ## - PHYSICAL DESCRIPTION
Extent 160 páginas ;
Dimensions 21 cm.
490 0# - SERIES STATEMENT
Series statement Temas de derecho público ;
Volume/sequential designation 96
500 ## - GENERAL NOTE
General note Incluye notas a pie de página.
504 ## - BIBLIOGRAPHY, ETC. NOTE
Bibliography, etc. note Bibliográfía: páginas 155-160
505 0# - FORMATTED CONTENTS NOTE
Formatted contents note La contribución de la acción pública colombiana en el contexto comparado de la juridicción constitucional -- La acción pública de constitucionalidad a debate -- El derecho de participación política a través del acceso directo
520 3# - SUMMARY, ETC.
Summary, etc. La acción pública de constitucionalidad a debate es un estudio de los argumentos que puede aportar el mecanismo colombiano de acceso directo de los ciudadanos al control de constitucionalidad al debate sobre democrática del control judicial de las leyes.
650 14 - SUBJECT ADDED ENTRY--TOPICAL TERM
Topical term or geographic name entry element Acción de constitucionalidad
Geographic subdivision Colombia
9 (RLIN) 8134
650 14 - SUBJECT ADDED ENTRY--TOPICAL TERM
Topical term or geographic name entry element Control de constitucionalidad
Geographic subdivision Colombia
9 (RLIN) 8135
651 #4 - SUBJECT ADDED ENTRY--GEOGRAPHIC NAME
Geographic name Colombia
General subdivision política y gobierno
9 (RLIN) 8136
651 #4 - SUBJECT ADDED ENTRY--GEOGRAPHIC NAME
Geographic name Colombia
General subdivision derecho constitucional
9 (RLIN) 8137
942 ## - ADDED ENTRY ELEMENTS (KOHA)
Source of classification or shelving scheme Dewey Decimal Classification
Koha item type Books
Existencias
Withdrawn status Lost status Source of classification or shelving scheme Damaged status Not for loan Collection code Home library Current library Date acquired Source of acquisition Full call number Barcode Date last seen Copy number Koha item type
    Dewey Decimal Classification     Non-fiction Biblioteca Pública José María del Castillo y Rada Biblioteca Pública José María del Castillo y Rada 04/12/2018 Donación 342.02 / R628a 201807558 05/16/2024 Ej.1 Books